Extent of Printed Mesia Exposure and The Level of reading Comprehension among Grade 11 Students of University of Mindanao Digos College. (Record no. 6376)
[ view plain ]
| 000 -LEADER | |
|---|---|
| fixed length control field | 00682nam a22001577a 4500 |
| 008 - FIXED-LENGTH DATA ELEMENTS--GENERAL INFORMATION | |
| fixed length control field | 170309b xxu||||| |||| 00| 0 eng d |
| 082 ## - DEWEY DECIMAL CLASSIFICATION NUMBER | |
| Edition number | 2016 |
| Classification number | UT 0700 |
| Item number | P36 |
| 100 ## - MAIN ENTRY--PERSONAL NAME | |
| 9 (RLIN) | 19202 |
| Personal name | Peligrino, Eugene Mae S. |
| 245 ## - TITLE STATEMENT | |
| Title | Extent of Printed Mesia Exposure and The Level of reading Comprehension among Grade 11 Students of University of Mindanao Digos College. |
| Statement of responsibility, etc. | Eugene Mae S. Peligrino, Romarth jhon M. Añola and Claire Ann M. Pedroso. |
| 300 ## - PHYSICAL DESCRIPTION | |
| Extent | 60 pages; |
| Other physical details | 29 cm. |
| 650 #0 - SUBJECT ADDED ENTRY--TOPICAL TERM | |
| 9 (RLIN) | 19203 |
| Topical term or geographic name as entry element | Education |
| Form subdivision | English |
| General subdivision | Undergraduate Thesis. |
| 700 ## - ADDED ENTRY--PERSONAL NAME | |
| 9 (RLIN) | 19204 |
| Personal name | Peligrino, Eugene Mae S. |
| 700 ## - ADDED ENTRY--PERSONAL NAME | |
| 9 (RLIN) | 19205 |
| Personal name | Añola, Romarth John M. |
| 700 ## - ADDED ENTRY--PERSONAL NAME | |
| 9 (RLIN) | 19206 |
| Personal name | Pedroso, Claire Ann M. |
| 942 ## - ADDED ENTRY ELEMENTS (KOHA) | |
| Source of classification or shelving scheme | Dewey Decimal Classification |
| Koha item type | Undergraduate Thesis |
| Withdrawn status | Lost status | Source of classification or shelving scheme | Damaged status | Not for loan | Home library | Current library | Date acquired | Total Checkouts | Full call number | Barcode | Date last seen | Price effective from | Koha item type |
|---|---|---|---|---|---|---|---|---|---|---|---|---|---|
| Dewey Decimal Classification | UM Digos College - LIC | UM Digos College - LIC | 11/07/2016 | UT 0700 P36 2016 | UT0700 | 03/09/2017 | 03/09/2017 | Undergraduate Thesis |
